| 000 | 00617nam a22002177a 4500 | ||
|---|---|---|---|
| 005 | 20260515114854.0 | ||
| 008 | 201128b ||||| |||| 00| 0 eng d | ||
| 040 |
_aIN-DiNC _cIN-DiNC |
||
| 041 | _dasm | ||
| 082 |
_a320.5 _bBOR |
||
| 100 |
_aBora, Amulya Kumar _eauthor |
||
| 245 |
_aAmbedkar/ _cby Amulya Kumar Bora, Jatin Mech and Ripunjoy Bora |
||
| 250 | _a1st ed. | ||
| 260 |
_aGolaghat: _bSaraswati prakashan, _c2020 |
||
| 300 | _a185p. | ||
| 650 | _aPolitical science | ||
| 650 | _aPolitical thought of Ambedkar | ||
| 700 |
_aMech, Jatin _eauthor |
||
| 700 |
_aBora, Ripunjoy _eauthor |
||
| 942 |
_2ddc _cBK |
||
| 999 |
_c11082 _d11082 |
||